The joy of Mathematica : Instant Mathematica for calculus, differential equations, and linear algebra

Joy of Mathematica, Second Edition, is a book and software combination for Windows and Macintosh that makes Mathematica easier to use and learn. The software includes the most common Mathematica operations needed in the first two years of college and university courses. The book is a manual for the...

ver descrição completa

Na minha lista:
Detalhes bibliográficos
Autor principal: Schuchat, Alan
Formato: Livro
Idioma:Undetermined
Publicado em: San Diego Harcourt Academic 2000
Assuntos:
Tags: Adicionar Tag
Sem tags, seja o primeiro a adicionar uma tag!
Thư viện lưu trữ: Trung tâm Học liệu Trường Đại học Cần Thơ
LEADER 01276nam a2200217Ia 4500
001 CTU_213547
008 210402s9999 xx 000 0 und d
082 |a 510.2855369 
082 |b S559 
100 |a Schuchat, Alan 
245 4 |a The joy of Mathematica : 
245 0 |b Instant Mathematica for calculus, differential equations, and linear algebra 
245 0 |c Alan Schuchat, Fred Shultz 
260 |a San Diego 
260 |b Harcourt Academic 
260 |c 2000 
520 |a Joy of Mathematica, Second Edition, is a book and software combination for Windows and Macintosh that makes Mathematica easier to use and learn. The software includes the most common Mathematica operations needed in the first two years of college and university courses. The book is a manual for the software and an introduction to using Mathematica for mathematics and its applications to other fields. It contains material for students in calculus, differential equations, and linear algebra courses. Students and professionals will benefit from this user-friendly, practical guide to Mathematica. 
650 |a Mathematics,Toán học 
650 |x Data processing,Xử lý dữ liệu 
904 |i Tăng Thanh Trúc 
980 |a Trung tâm Học liệu Trường Đại học Cần Thơ